Пропуск в контексте

Информационные технологии в подготовке педагога дошкольного образования в вузе Статья

שמור ב:
מידע ביבליוגרפי
מחבר ראשי: Ходакова Н. П.
פורמט: Статья
גישה מקוונת:https://znanium.com/catalog/document?id=5878
https://znanium.com/cover/0523/523434.jpg
תגים: הוספת תג
אין תגיות, היה/י הראשונ/ה לתייג את הרשומה!
LEADER 01224nam0a2200205 i 4500
001 RU\infra-m\znanium\bibl\523434
003 https://znanium.com/catalog/document?id=5878
005 20190327000000.0
100 |a 20190327d2015 m y0rusy0150 ca 
101 0 |a rus 
102 |a RU 
200 1 |a Информационные технологии в подготовке педагога дошкольного образования в вузе  |e Статья  |f Московский городской педагогический университет 
210 1 |a Москва  |c Академия естествознания  |d 2009 
215 |a 2 с. 
333 |a Аспирантура 
608 |a Статья  |2 local 
700 1 |a Ходакова  |b Н. П.  |g Нина Павловна  |p Московский городской педагогический университет 
801 0 |a RU  |b Общество с ограниченной ответственностью «ЗНАНИУМ»  |c 20150804  |2 rusmarc 
856 4 |a znanium.com  |m ebs_support@infra-m.ru  |n НИЦ ИНФРА-М  |u https://znanium.com/catalog/document?id=5878 
856 4 1 |a znanium.com  |d /cover/0523  |f 523434.jpg  |q image/jpeg  |u https://znanium.com/cover/0523/523434.jpg